Contribution of the American continent to the principles of international law that govern the responsibility of the state. (Record no. 51494)
[ view plain ]
| 000 -LEADER | |
|---|---|
| fixed length control field | 01070cam a22002291 4500 |
| 001 - CONTROL NUMBER | |
| control field | pa 62000024 |
| 003 - CONTROL NUMBER IDENTIFIER | |
| control field | DLC |
| 005 - DATE AND TIME OF LATEST TRANSACTION | |
| control field | 20260227111856.0 |
| 008 - FIXED-LENGTH DATA ELEMENTS--GENERAL INFORMATION | |
| fixed length control field | 780404s1962 dcu i00000 eng c |
| 010 ## - LIBRARY OF CONGRESS CONTROL NUMBER | |
| LC control number | pa 62000024 //r852 |
| 035 ## - SYSTEM CONTROL NUMBER | |
| System control number | ocl73739297 |
| 040 ## - CATALOGING SOURCE | |
| Original cataloging agency | Pan American Union. Library |
| Transcribing agency | WMaUCS |
| Modifying agency | WMaUCS |
| 043 ## - GEOGRAPHIC AREA CODE | |
| Geographic area code | n------ |
| -- | s------ |
| 050 0# - LIBRARY OF CONGRESS CALL NUMBER | |
| Classification number | F1405.5 1959 |
| Item number | .O7 OEA/Ser.I/VI.2, CIJ-61 (English) |
| 110 20 - MAIN ENTRY--CORPORATE NAME | |
| Corporate name or jurisdiction name as entry element | Inter-American Juridical Committee. |
| 245 10 - TITLE STATEMENT | |
| Title | Contribution of the American continent to the principles of international law that govern the responsibility of the state. |
| Remainder of title | Opinion prepared in accordance with Resolution CIV of the Tenth Inter-American Conference, Resolution VI of the third meeting and Resolution XII of the fourth meeting of the Inter-American Council of Jurists. |
| 260 0# - PUBLICATION, DISTRIBUTION, ETC. | |
| Place of publication, distribution, etc. | Washington, |
| Name of publisher, distributor, etc. | Pan American Union, |
| Date of publication, distribution, etc. | 1962. |
| 300 ## - PHYSICAL DESCRIPTION | |
| Extent | 127 p. |
| Dimensions | 28 cm. |
| 440 #0 - SERIES STATEMENT/ADDED ENTRY--TITLE | |
| Title | /OAS official records] ; |
| Volume/sequential designation | OEA/Ser.I/VI.2, CIJ-61 (English) |
| 650 #0 - SUBJECT ADDED ENTRY--TOPICAL TERM | |
| Topical term or geographic name entry element | Government liability (International law) |
| 650 #0 - SUBJECT ADDED ENTRY--TOPICAL TERM | |
| Topical term or geographic name entry element | Government liability |
| Geographic subdivision | America. |
No items available.